01377nam a2200277 a 4500001001000000005001700010008004100027041000800068044000700076084002100083100004500104245006900149260003100218300003000249500017200279500020600451500010900657500001100766546002500777650005200802650005600854650003400910650004500944700006000989740005001049BRCA_310320190320204119.0280109s1844----fr-a---###---#000-0#fre-u afre afr a408b.L448c18441 aCervantes Saavedra, Miguel ded1547-161610aHistoire de Don Quichotte de la Manchecpar Michel de Cervantes. aParísbP.C. Lehubyc1844 aviii, 488 p.bil.c20 cm. aContenido : Advertencia del editor. Noticia historica y literaria de Cervantes. Texto. Segunda parte. Texto. Tercera parte (continuación por Filleau de Saint-Martin) aEdición : Nouvelle edition revue et corrigée par L´Abbé Lejeune chanoine, Prof. a la Fac, de Théologie de Rouen. Illustrée de 20 grands dessins. Par Célestin Nanteuil, Bouchot et Demoraine aEdición similar al LO-407 del mismo editor. Piel; lomo y planos decorados con dorados Lúdovik Osterc aQM332A aTexto en : francés14aNovela españolayÉpoca clásica, 1500-170014aLiteratura españolayÉpoca clásica, 1500-170014aNovela españolaySiglo XVII14aDon Quijote (Personaje ficticio)eNovela1 aSaint-Martin, Francois Filleau ded1632-1695eTraductor0 aEl Ingenioso Hidalgo Don Quijote de la Mancha